US States with C - Statistics

General Stats
  • This quiz has been taken 125 times
    118 since last reset
  • The average score is 8 of 10
Answer Stats
State % Correct
California
99%
Connecticut
98%
Colorado
95%
North Carolina
90%
South Carolina
90%
Massachusetts
74%
Michigan
73%
Wisconsin
66%
New Mexico
65%
Kentucky
61%
No matching quizzes found
Score Distribution
Percent of People with Each Score
Percentile by Number Answered
Your Score History
You have not taken this quiz since the last reset